A dictionary of finance : From international to personal finance
| Format: | Book |
|---|---|
| Published: |
Oxford :
Oxford University Press ,
1993
|
| Subjects: |
MARC
| LEADER | 00000cam a2200000 7i4500 | ||
|---|---|---|---|
| 001 | 0000002964 | ||
| 002 | 000003209 | ||
| 005 | 20080312.0 | ||
| 020 | |a 0192852795 | ||
| 090 | 0 | 0 | |a 332.03 |b DIC |
| 245 | 0 | 0 | |a A dictionary of finance : |b From international to personal finance |
| 260 | |a Oxford : |b Oxford University Press , |c 1993 | ||
| 300 | |a p.v. ; |c 20cm. | ||
| 650 | 0 | 0 | |a Banks and banking |x Dictionaries |
| 650 | 0 | 0 | |a Finance |x Dictionaries |
| 999 | |a 036516 |b BUKU |c RUJUKAN |e PERPUSTAKAAN KOMUNITI PETALING JAYA | ||
| 999 | |a 040942 |b BUKU |c RUJUKAN |e PERPUSTAKAAN KOMUNITI PETALING JAYA | ||